Globálne výzvy v manažmente ľudských zdrojov

V súčasnosti sa často hovorí o stratetických úlohách, ktoré hrajú oddelenia ľudských zdrojov. Hlavné výzvy, ktorým manažment ľudských zdrojov čelí z globálneho hľadiska.

Salvato in:
Dettagli Bibliografici
Autore principale: Uriga, Ján
Natura: Capitolo di libro
Lingua:slovacco
Soggetti:
Tags: Aggiungi Tag
Nessun Tag, puoi essere il primo ad aggiungerne!!

MARC

LEADER 00000naa$a2200000$$$4500
001 0090003
005 20231113131317.7
041 0 |a slo 
044 |a CZ 
245 1 0 |a Globálne výzvy v manažmente ľudských zdrojov  |c Ján Uriga 
520 |a V súčasnosti sa často hovorí o stratetických úlohách, ktoré hrajú oddelenia ľudských zdrojov. Hlavné výzvy, ktorým manažment ľudských zdrojov čelí z globálneho hľadiska. 
610 2 0 |a firmy 
610 2 0 |a riadenie podnikové 
610 2 0 |a riadenie ľudských zdrojov 
610 2 0 |a globalizácia 
100 1 |a Uriga, Ján